000 00653nam a2200205 i 4500
001 bgj
100 1 _aBENET, Stephen Vincent
_d(1898-1943)
245 1 0 _aJohn Brown's Body /
_cStephen Vincent Benet ; illustrated by Fritz Kredel and Warren Chappel.
260 _aNew York ;
_aToronto :
_bRinehart and Company, Inc.,
_c1954.
300 _a368 pp :
_bdrawings ;
_c25 cm.
600 1 9 _aBrown, John, 1800-1859
651 9 _aUnited States
_xCivil War, 1861-1865
655 _aPoetry
700 1 _aChappel, Warren.
_eill.
700 1 _aKredel, Fritz.
_eill.
040 _cBPK
041 0 _aeng
942 _cKS
008 s uk f |000 0 eng
999 _c48357
_d48357